000 00833nam a2200217Ia 4500
003 GCL
008 140319s9999 xx 000 0 ara d
040 _aGCL /
_cGCL
082 0 4 _a621.388
_bب ا
100 1 _aانور محمود عبد الواحد
245 1 0 _aاصلاح اجهزة التليفزيون الجزء الثانى : اعطال دوائر الانحراف والتغذية /
_cانور محمود عبد الواحد
700 1 _aبدران محمد بدران
260 _a[S.N] :
_bمؤسسة الاهرام ،
_c1980
300 _aمتعدد
490 _aالاسس التكنولوجية
_v0
650 0 4 _aالتليفزيون
650 0 4 _aتصليح التليفزيون
650 0 4 _aصيانة التليفزيون
650 0 4 _aدوائر التليفزيون المغلقة
942 _2ddc
_cBK
999 _c54786
_d54786